| 000 | 00802nam a22002297a 4500 | ||
|---|---|---|---|
| 999 |
_c16004 _d16004 |
||
| 003 | AR-CdUCM | ||
| 008 | 190328b ||||| |||| 00| 0 eng d | ||
| 020 | _a84-204-5821-X | ||
| 040 |
_aMUNICIPALIDAD PROVINCIAL DEL CUSCO _cBIBLIOTECA MUNICIPAL DEL CUSCO |
||
| 082 |
_aPI / 803 / _bSE41 |
||
| 100 |
_aSequera, Armando José. _935267 |
||
| 245 |
_aLa calle del espejo : _bDerecho a desarrollarse en condiciones dignas / |
||
| 260 |
_aEspaña : _bAlfaguara, _bUnicef, _c2000. |
||
| 300 |
_a29 páginas ; _bilustraciones a color, _c28 cm. |
||
| 440 |
_aColección derechos del niño. _n2 _935268 |
||
| 505 | _aContenido : Cuentos. | ||
| 650 |
_aCuentos infantiles. _93927 |
||
| 650 |
_aSiglo XX _98 |
||
| 700 |
_aSorg, Walther (Ilustraciones) _935269 |
||
| 942 |
_2ddc _cLIBROS |
||
| 945 |
_arum _d2019-04-30 |
||